Statystyki dla Quiz o YouTube

Kliknij tutaj aby rozwiązać quiz!

Ogólne statystyki

  • Ten quiz został rozwiązany 10,109 razy
    (776 od ostatniego zresetowania)
  • Średni wynik to 9 z 15

Statystyki odpowiedzi

Question Answer % Correct
17-nasto letni Youtuber nagrywający pranki, gry o pieniądze i survivaleDominik Łupick
92%
Kto (na dzień 10.07.2020) jest najlepszym Youtuberem w PolsceBlowek
89%
Aktor grał w m.in Kilerze. Utworzył Kanał na YT w 2015 r. Nagrywał również z BlowemCezary Pazura
85%
Kiedyś grał w gry, nagrywał piosenki. Teraz słynie z pewnego programu i overwatchaGimper
83%
Którzy youtuberzy poniżej wymienieni są prowadzącymi Mniej WięcejKolega Ignacy i Mandzio
71%
Jak ma na imię PewDiePieFelix
65%
O czym był 1 film na YouTubeO byciu w zoo
63%
Prowadzą Przeróbki Reklam Biedronki, Sąsiadów kiedyś grali w fife 13KieubasaTV
57%
Najpopularniejszy kanał na YouTubieT-Series
56%
Szwedzka kapela piosenkarska, głównie jej piosenki są o wszelakich wojnachSabaton
55%
Ile Lat będzie miał kanał Lorda Kruszwila w 2019 r.2 lata
45%
Minecrafter wiele razy ,,umierał,, i powracał teraz głównie streamujeJJayJoker
39%
Bogaty Polak mieszkający w Ameryce nienawidzący Polaków.Nagrywał kiedy większość oglądających YT leżała jeszcze w kołysceTestoviron
37%
Ile subów miał kanał Lord Kruszwil, kiedy został usunięty2,7 mln
30%
Jak się nazywa kanał opowiadający historię o dwóch szwagrach pijących szwagrówkęsmiechawaTV
24%

Rozkład punktacji

Percentyl według liczby udzielonych odpowiedzi

Procent ludzi z każdym wynikiem

Twoja historia wyników

Nie rozwiązałeś tego quizu od ostatniego zresetowania